Responses for show #7420 - Friday, December 9, 2016

Tim Aten game 6.

Contestants

Lara Croft, an aquatic veterinarian from Orlando, Florida

Jim Yulman, a retired lawyer and software developer from Philadelphia, Pennsylvania

Tim Aten, an editor from Vermilion, Ohio (whose 5-day cash winnings total $79,299)

Jeopardy! Round responses

PALMISTRY
TV TAGLINES
THE BIBLE
IT BORDERS BOTH
H.P.
LOVE CRAFT
    $200 25
a crystal ball

Tim
    $200 1
New Girl

Lara
    $200 26
Luke

Tim
    $200 16
New Hampshire

Jim
    $200 11
Hush Puppies

Tim
    $200 2
a collage

Lara
    $400 24
(Alex: ...and I have none of them. Darn.)

the life line

Tim
    $400 7
How I Met Your Mother

Tim
    $400 27
the serpent

Lara
    $400 17
Nevada

Lara
    $400 12
Half-Pint

Tim
    $400 3
4

Tim
    $600 21
Mark Twain

Jim
    $600 8
Antiques Roadshow

Triple Stumper
    $600 28
Psalms

Lara
    $600 18
Michigan

Tim
    $600 13
hydrogen peroxide

Tim
    $600 4
a bangle

Tim
    $800 22
mounts

Triple Stumper
    $800 9
Heroes

Tim
    $800 29
Haman

Lara
    $800 19
(Lara: What is Colorado?)

Nebraska

JimLara
    $800 14
the Hasty Pudding Club

Jim
    $800 5
coffee filters

Tim
    $1000 23
Jung

Lara
    $1000 10
Ghost Whisperer

Tim
    $1000 30
(Lara: What is a camel?)

an ass (a donkey accepted)

TimLara
    $1,800 20
Arkansas

Jim
    $1000 15
hoi polloi

Jim
    $1000 6
(Jim: What is a friendship ring?)

a promise ring

JimLara

Scores at the first commercial break (after clue 15):

Tim Jim Lara
$5,200 $800 $1,400

Scores at the end of the Jeopardy! Round:

Tim Jim Lara
$7,600 $4,200 $2,800

Double Jeopardy! Round responses

DOCUMENTARIES
EPONYMS
YOU MAD, BRO?
BALLET UP TO THE BARRE
CIVIL WAR LITERATURE
THE "N"IMAL KINGDOM
    $400 6
(Jim: What is the Civil War?)

the Vietnam War

JimLara
    $400 13
the Amish

Triple Stumper
    $400 10
Persia

Tim
    $400 16
a tutu

Jim
    $400 27
North and South

Triple Stumper
    $400 1
(Jim: What are Labradors?)
[Lara gave both listed responses.]

Newfys (or Newfoundlands)

JimLara
    $800 17
(Alex: [French accent] [*], you are right, my beauty.)
[Laughter]

Pepé Le Pew

Lara
    $800 14
(Lara: What is Auger?)

Petri

TimLara
    $800 11
Oasis

Tim
    $800 7
(Jim: What is the Nutcracker?)

Sleeping Beauty

JimLara
    $800 28
[The end-of-round signal sounds.]

John Wilkes Booth

Triple Stumper
    $800 2
a newt

Jim
    $1200 18
(Jim: What is The Making of a Killer?)

Making a Murderer

Jim
Triple Stumper
    $1,200 15
a mausoleum

Tim
    $2,000 12
the Crusades

Tim
    $1200 8
the Ballets Russes

Triple Stumper
    $1200 21
Copperhead

Triple Stumper
    $1200 3
narwhals

Tim
    $1600 20
(Leni) Riefenstahl

Lara
    $1600 26
Fredo

Tim
    $1600 9
(Alex: A pair of swans, and the ballerina is [*].)

Anna Pavlova

Triple Stumper
    $1600 23
Andersonville

Triple Stumper
    $1600 4
the nene

Lara
    $2000 19
(Lara: Uh... who is Stravinsky?)

Isaac Stern

Lara
Triple Stumper
    $2000 25
(Christopher) Hitchens

Jim
    $2000 22
(Alex: Oh, Lara, you knew it. You should have rung in. Go again.)

Giselle

Triple Stumper
    $2000 24
(Alex: Less than a minute to go now, Lara.)

Manassas

Triple Stumper
    $2000 5
a nurse shark

Tim

Scores at the end of the Double Jeopardy! Round:

Tim Jim Lara
$17,600 $4,600 $5,600
(lock game)

[wagering suggestions for these scores]

Final Jeopardy! Round responses

WORLD CAPITALS
(Alex: Baku, the capital of Azerbaijan, is on [*].)
JimWhat is the Caspian Sea?
$400
LaraWhat is Lake Baikal?
$3,610
TimWhat is the Caspian Sea?
$5,000
the Caspian Sea

Final scores:

Tim Jim Lara
$22,600 $5,000 $1,990
6-day champion: $101,899 2nd place: $2,000 3rd place: $1,000

Game dynamics:

Coryat scores:

Tim Jim Lara
$16,800 $3,800 $5,600
22 R
(including 2 DDs),
0 W
9 R
(including 1 DD),
5 W
14 R,
4 W

Combined Coryat: $26,200

The J! Archive is created by fans, for fans. The Jeopardy! game show and all elements thereof, including but not limited to copyright and trademark thereto, are the property of Jeopardy Productions, Inc. and are protected under law. This website is not affiliated with, sponsored by, or operated by Jeopardy Productions, Inc. Join the discussion at JBoard.tv.